[Event "DEN-ch sf2"]
[Site "Svendborg"]
[Date "2024.03.29"]
[Round "2"]
[White "Poulsen, Peter Risgaard"]
[Black "Ringsmose, Christian"]
[Result "1-0"]
[WhiteElo "1927"]
[BlackElo "1980"]
[PlyCount "65"]
[EventDate "2024.03.29"]
[EventType "swiss"]
[EventRounds "7"]
[EventCountry "DEN"]
[SourceTitle "CBM 219 Extra"]
[Source "ChessBase"]
[SourceDate "2024.05.31"]
[SourceVersion "1"]
[SourceVersionDate "2024.05.31"]
[SourceQuality "1"]

1. d4 d5 2. Nf3 Nf6 3. e3 c5 4. b3 cxd4 5. exd4 Nc6 6. Bb2 Bg4 7. Bd3 Qa5+ 8. Bc3 Qc7 9. h3 Bh5 10. g4 Bg6 11. Ne5 Bxd3 12. Qxd3 e6 13. Nd2 Bd6 14. Nxc6 Qxc6 15. Bb2 Rc8 16. c3 Bf4 17. f3 0-0 18. Kf2 e5 19. Rhe1 e4 20. fxe4 Bxd2 21. Qxd2 Nxe4+ 22. Rxe4 dxe4 23. Kg1 f5 24. c4 fxg4 25. d5 Qg6 26. Kh1 Rf3 27. d6 Rxh3+ 28. Kg2 Rd3 29. Qf4 Rf8 30. Qe5 Rd2+ 31. Kg1 Qf7 32. Bd4 Qf3 33. Qxg7# 1-0

[Event "DEN-ch sf2"]
[Site "Svendborg"]
[Date "2024.03.29"]
[Round "6"]
[White "Ringsmose, Christian"]
[Black "Kokholm, Daniel"]
[Result "0-1"]
[WhiteElo "1980"]
[BlackElo "1906"]
[PlyCount "74"]
[EventDate "2024.03.29"]
[EventType "swiss"]
[EventRounds "7"]
[EventCountry "DEN"]
[SourceTitle "CBM 219 Extra"]
[Source "ChessBase"]
[SourceDate "2024.05.31"]
[SourceVersion "1"]
[SourceVersionDate "2024.05.31"]
[SourceQuality "1"]

1. e4 d6 2. d4 Nf6 3. Nc3 e5 4. Nf3 Nbd7 5. Bc4 h6 6. a4 Be7 7. h3 a5 8. Be3 c6 9. 0-0 Qc7 10. Qe2 g5 11. Rad1 Nf8 12. dxe5 dxe5 13. Nh2 Ng6 14. Kh1 Nf4 15. Qd2 Bd7 16. f3 Rg8 17. Qf2 Qc8 18. Ng4 Bxg4 19. fxg4 h5 20. Bc5 Qc7 21. Bxe7 Qxe7 22. g3 hxg4 23. gxf4 gxf4 24. Rd3 Rh8 25. Ne2 Nxe4 26. Qg2 f5 27. Nxf4 exf4 28. Rxf4 Qe5 29. Rff3 Ke7 30. Rfe3 Qf4 31. Rf3 Qe5 32. Rfe3 Rh6 33. Rb3 Rb8 34. Be2 Qf4 35. Bxg4 Rg8 36. Rxb7+ Kf6 37. Qe2 Rxg4 0-1

[Event "DEN-ch sf7"]
[Site "Svendborg"]
[Date "2024.03.29"]
[Round "4"]
[White "Ringsmose, Christian"]
[Black "Olsen, Birger1"]
[Result "1/2-1/2"]
[WhiteElo "1980"]
[BlackElo "1938"]
[PlyCount "82"]
[EventDate "2024.03.29"]
[EventType "swiss"]
[EventRounds "7"]
[EventCountry "DEN"]
[SourceTitle "CBM 219 Extra"]
[Source "ChessBase"]
[SourceDate "2024.05.31"]
[SourceVersion "1"]
[SourceVersionDate "2024.05.31"]
[SourceQuality "1"]

1. e4 e5 2. Nf3 Nc6 3. Bb5 Nf6 4. d3 Bc5 5. Nbd2 d6 6. h3 h6 7. c3 a6 8. Ba4 b5 9. Bc2 Bb7 10. Nf1 0-0 11. g4 d5 12. Qe2 dxe4 13. dxe4 Qd6 14. Ng3 Ne7 15. Nh4 Qb6 16. Rg1 Ng6 17. Ng2 Rfe8 18. Be3 Nf4 19. Bxf4 exf4 20. Nxf4 b4 21. Kf1 Bd6 22. Qf3 bxc3 23. b3 Rad8 24. Re1 Bxf4 25. Qxf4 Rd2 26. Re2 Rxe2 27. Kxe2 Rd8 28. Rd1 Qb5+ 29. Ke1 Re8 30. f3 Qc5 31. Ne2 a5 32. Rd3 Ba6 33. Rxc3 Qb4 34. Qd2 Bxe2 35. Kxe2 Qb6 36. Rd3 Qg1 37. Rd8 Qg2+ 38. Ke3 Qg1+ 39. Ke2 Qg2+ 40. Ke1 Qg1+ 41. Ke2 Qg2+ 1/2-1/2

[Event "DEN-ch KP Gr1"]
[Site "Svendborg"]
[Date "2023.04.05"]
[Round "3"]
[White "Ringsmose, Christian"]
[Black "Christensen, John Christoffer H"]
[Result "1-0"]
[WhiteElo "1778"]
[BlackElo "1924"]
[PlyCount "59"]
[EventDate "2023.04.05"]
[EventType "swiss"]
[EventRounds "5"]
[EventCountry "DEN"]
[SourceTitle "CBM 213 Extra"]
[Source "ChessBase"]
[SourceDate "2023.05.31"]
[SourceVersion "1"]
[SourceVersionDate "2023.05.31"]
[SourceQuality "1"]

1. e4 c5 2. Nf3 e6 3. c4 a6 4. Nc3 d6 5. d4 cxd4 6. Nxd4 Nf6 7. Be2 Nbd7 8. g4 Nc5 9. Qc2 b6 10. b4 Nb7 11. Be3 Qc7 12. g5 Nd7 13. f4 Be7 14. f5 Ne5 15. fxe6 fxe6 16. 0-0 Nd8 17. Qa4+ Bd7 18. Qb3 Ndf7 19. c5 Bxg5 20. Bxg5 Nxg5 21. cxd6 Qxd6 22. Rad1 Qe7 23. Na4 Nxe4 24. Nxb6 Rd8 25. Nxd7 Rxd7 26. Bxa6 Rd5 27. Bb5+ Kd8 28. Nxe6+ Qxe6 29. Rxd5+ Ke7 30. Rxe5 1-0

[Event "DEN-ch KP Gr1"]
[Site "Svendborg"]
[Date "2023.04.05"]
[Round "2"]
[White "Ringsmose, Christian"]
[Black "Marcussen, Claus"]
[Result "1-0"]
[WhiteElo "1778"]
[BlackElo "1643"]
[PlyCount "58"]
[EventDate "2023.04.05"]
[EventType "swiss"]
[EventRounds "5"]
[EventCountry "DEN"]
[SourceTitle "CBM 213 Extra"]
[Source "ChessBase"]
[SourceDate "2023.05.31"]
[SourceVersion "1"]
[SourceVersionDate "2023.05.31"]
[SourceQuality "1"]

1. e4 d5 2. exd5 Qxd5 3. Nc3 Qd8 4. d4 g6 5. Bf4 Nh6 6. Qd2 Nf5 7. 0-0-0 Bg7 8. Nf3 0-0 9. g4 Nd6 10. Rg1 c6 11. h4 b5 12. Bd3 Be6 13. Kb1 Qc8 14. Bh6 Bxg4 15. Bxg7 Kxg7 16. Qf4 Bxf3 17. Qxf3 Nd7 18. h5 Nf6 19. Rde1 Qd7 20. Re5 e6 21. h6+ Kg8 22. Qxf6 Ne8 23. Qf4 f6 24. Re3 Rd8 25. Ne2 Nc7 26. Reg3 Nd5 27. Qe4 Qf7 28. Nf4 f5 29. Qe5 a6 1-0

[Event "DEN-ch Kort1 Gr-1"]
[Site "Svendborg"]
[Date "2022.04.11"]
[Round "5"]
[White "Poulsen, Peter Risgaard"]
[Black "Ringsmose, Christian"]
[Result "0-1"]
[WhiteElo "1870"]
[BlackElo "1739"]
[PlyCount "80"]
[EventDate "2022.04.09"]
[EventType "swiss"]
[EventRounds "5"]
[EventCountry "DEN"]
[SourceTitle "EXT 2024"]
[Source "ChessBase"]
[SourceDate "2023.10.10"]
[SourceVersion "1"]
[SourceVersionDate "2023.10.10"]
[SourceQuality "1"]

1. c4 Nf6 2. Nc3 e6 3. e4 Bb4 4. d3 0-0 5. e5 Ne8 6. g3 Nc6 7. Nf3 d6 8. Bg5 f6 9. exf6 Nxf6 10. a3 Ba5 11. b4 Bb6 12. d4 h6 13. Be3 Ng4 14. Be2 a5 15. c5 axb4 16. cxb6 bxc3 17. Qb3 c2 18. bxc7 Qxc7 19. Qxc2 Qa5+ 20. Nd2 Nb4 21. Qb1 Nxe3 22. fxe3 Nd5 23. Qb3 Qc7 24. Bc4 Qe7 25. Bxd5 exd5 26. Qxd5+ Be6 27. Qe4 d5 28. Qd3 Bf5 29. Qb3 Be4 30. Rf1 Rxf1+ 31. Kxf1 Rc8 32. Rd1 Qf7+ 33. Kg1 Bc2 34. Rc1 Bxb3 35. Rxc8+ Kh7 36. Nxb3 Qf3 37. Nc5 Qxe3+ 38. Kg2 h5 39. Nxb7 Qe4+ 40. Kf1 Qf5+ 0-1

[Event "DEN-ch Kort1 Gr-1"]
[Site "Svendborg"]
[Date "2022.04.10"]
[Round "3"]
[White "Andersen, Claus"]
[Black "Ringsmose, Christian"]
[Result "0-1"]
[WhiteElo "1880"]
[BlackElo "1739"]
[PlyCount "70"]
[EventDate "2022.04.09"]
[EventType "swiss"]
[EventRounds "5"]
[EventCountry "DEN"]
[SourceTitle "EXT 2024"]
[Source "ChessBase"]
[SourceDate "2023.10.10"]
[SourceVersion "1"]
[SourceVersionDate "2023.10.10"]
[SourceQuality "1"]

1. d4 d5 2. c4 e6 3. Nc3 Nf6 4. cxd5 exd5 5. Bg5 c6 6. e3 h6 7. Bh4 Be7 8. Bd3 0-0 9. Qc2 Re8 10. Nf3 Ne4 11. Bxe7 Qxe7 12. 0-0 Bf5 13. Rab1 Nd7 14. b4 Nxc3 15. Qxc3 Bxd3 16. Qxd3 a6 17. a4 Nb6 18. b5 cxb5 19. axb5 a5 20. Nd2 a4 21. Rfc1 Rec8 22. e4 Rxc1+ 23. Rxc1 dxe4 24. Nxe4 a3 25. Nc5 Nd5 26. Qc4 a2 27. Ra1 Nf4 28. g3 Qe2 29. Qb3 Re8 30. gxf4 Qe1+ 31. Rxe1 Rxe1+ 32. Kg2 a1Q 33. Qc4 Qd1 34. f3 Rg1+ 35. Kf2 Qe1# 0-1

[Event "DEN-ch Kort1 Gr-1"]
[Site "Svendborg"]
[Date "2022.04.10"]
[Round "2"]
[White "Ringsmose, Christian"]
[Black "Hansen, Alex Mehr"]
[Result "1-0"]
[WhiteElo "1739"]
[BlackElo "1875"]
[PlyCount "103"]
[EventDate "2022.04.09"]
[EventType "swiss"]
[EventRounds "5"]
[EventCountry "DEN"]
[SourceTitle "EXT 2024"]
[Source "ChessBase"]
[SourceDate "2023.10.10"]
[SourceVersion "1"]
[SourceVersionDate "2023.10.10"]
[SourceQuality "1"]

1. e4 c6 2. d4 d5 3. exd5 cxd5 4. Bd3 Nc6 5. c3 Nf6 6. Bf4 Qb6 7. Qb3 Qxb3 8. axb3 e6 9. b4 b6 10. Na3 Nh5 11. Bg5 Bd6 12. Ne2 0-0 13. g4 Nf6 14. h3 Bb7 15. f4 Nd7 16. Bh4 f6 17. 0-0 a6 18. Nc2 b5 19. Ne3 Ne7 20. Ra2 Ng6 21. Bg3 e5 22. Nf5 Bc7 23. Rfa1 exf4 24. Bh2 Rfe8 25. Rf1 f3 26. Bxc7 fxe2 27. Re1 Re6 28. Rxe2 Rxe2 29. Bxe2 Bc6 30. h4 Kf7 31. b3 Ne7 32. Nxe7 Kxe7 33. Bd3 Nf8 34. Re2+ Kd7 35. Bb6 Ng6 36. Bf5+ Kd6 37. h5 Nf4 38. Bc5+ Kc7 39. Re7+ Kd8 40. Rxg7 Nh3+ 41. Kh2 Ng5 42. Bxh7 Nxh7 43. Rxh7 Ke8 44. Re7+ Kd8 45. h6 Bd7 46. h7 Kc7 47. Rg7 Rh8 48. Be7 Kc6 49. Bxf6 Bxg4 50. Rc7+ Kxc7 51. Bxh8 Bf5 52. Be5+ 1-0

[Event "DEN-ch U19 rapid"]
[Site "Odense"]
[Date "2021.10.01"]
[Round "2"]
[White "Ringsmose, Christian"]
[Black "Kistrup, Nicolai"]
[Result "0-1"]
[WhiteElo "1813"]
[BlackElo "2249"]
[PlyCount "54"]
[EventDate "2021.10.01"]
[EventType "swiss"]
[EventRounds "5"]
[EventCountry "DEN"]
[SourceTitle "EXT 2024"]
[Source "ChessBase"]
[SourceDate "2023.10.10"]
[SourceVersion "1"]
[SourceVersionDate "2023.10.10"]
[SourceQuality "1"]

1. e4 e5 2. Nf3 Nc6 3. Bb5 a6 4. Ba4 Nf6 5. d3 b5 6. Bb3 Be7 7. 0-0 d6 8. c3 0-0 9. h3 Na5 10. Bc2 c5 11. d4 exd4 12. cxd4 cxd4 13. Nxd4 d5 14. e5 Ne4 15. Qd3 Bb7 16. f3 Nc4 17. f4 f6 18. Kh2 Re8 19. b3 fxe5 20. Nf3 exf4 21. Bxf4 Bf6 22. Bg5 Bxg5 23. Nxg5 Qxg5 24. bxc4 Qe5+ 25. Kg1 Qxa1 26. cxd5 Qe5 27. Nc3 Qxc3 0-1

[Event "DEN-ch U19 rapid"]
[Site "Odense"]
[Date "2020.11.20"]
[Round "3"]
[White "Easwaralingam, Adesh"]
[Black "Ringsmose, Christian"]
[Result "1-0"]
[WhiteElo "2110"]
[BlackElo "1808"]
[PlyCount "67"]
[EventDate "2020.11.20"]
[EventType "tourn"]
[EventRounds "5"]
[EventCountry "DEN"]
[SourceTitle "EXT 2024"]
[Source "ChessBase"]
[SourceDate "2023.10.10"]
[SourceVersion "1"]
[SourceVersionDate "2023.10.10"]
[SourceQuality "1"]

1. e4 e5 2. Nf3 Nc6 3. Bb5 a6 4. Ba4 Nf6 5. Qe2 b5 6. Bb3 Bc5 7. c3 d6 8. h3 0-0 9. 0-0 h6 10. Rd1 Re8 11. d3 d5 12. Nbd2 Bb7 13. Nf1 Nb8 14. Ng3 Nbd7 15. Bc2 Bf8 16. Nf5 Kh7 17. g4 g6 18. Ng3 c5 19. Nd2 Qc7 20. h4 Rad8 21. g5 Ng8 22. Qf3 Nb6 23. Ndf1 Bg7 24. Qe2 Rf8 25. Ne3 Rd7 26. Ng4 f6 27. gxh6 Nxh6 28. Nxh6 Bxh6 29. h5 Rg7 30. Bxh6 Kxh6 31. hxg6 Rxg6 32. Qh5+ Kg7 33. Kf1 dxe4 34. Nf5+ 1-0